| 000 | 01383nam a2200421 i 4500 | ||
|---|---|---|---|
| 001 | 9255 | ||
| 003 | KOSZ 005 | ||
| 005 | 20191012105747.0 | ||
| 008 | 070620s1969 pl a f 000 0 pol | ||
| 015 | _aPB 1970/1416 | ||
| 035 | _a(PL-WaBN)b19418255-48omnis_nlop | ||
| 035 | _ab19418255 | ||
| 035 | _a(OCoLC)830842051 | ||
| 035 | _a(PL)b0000019418255 | ||
| 040 |
_aWA N _cWA N _dKOSZ 005/RW |
||
| 046 | _k1969 | ||
| 080 | _a69 | ||
| 080 | _a371.6 | ||
| 080 | _a796.4 | ||
| 100 | 1 |
_aKowalik, Henryk. _eAutor |
|
| 245 | 1 | 0 |
_aSzkolne sale gimnastyczne / _cHenryk Kowalik, Jerzy Sztaudynger. |
| 260 |
_aWarszawa : _bPaństwowe Zakłady Wydawnictw Szkolnych, _c1969. |
||
| 300 |
_a197, [3] stron : _bilustracje ; _c23 cm. |
||
| 336 |
_aTekst _btxt _2rdacontent |
||
| 337 |
_aBez urządzenia pośredniczącego _bn _2rdamedia |
||
| 338 |
_aWolumin _bnc _2rdacarrier |
||
| 380 | _aKsiążki | ||
| 388 | _a1901-2000 | ||
| 504 | _aBibliografia na stronie 147. | ||
| 650 | 7 |
_aSale sportowe _2DBN |
|
| 650 | 7 |
_aSzkoły (budynki) _2DBN |
|
| 658 | _aArchitektura i budownictwo | ||
| 700 | 1 |
_aSztaudynger, Jerzy. _eAutor |
|
| 710 | 2 |
_aPaństwowe Zakłady Wydawnictw Szkolnych _4pbl |
|
| 856 |
_uhttp://koha.tu.koszalin.pl/cgi-bin/koha/opac-detail.pl?biblionumber=9255 _yKatalog online BPK |
||
| 942 |
_2UKD _cKS |
||
| 999 |
_c9255 _d9255 |
||